00434nam a2200181Ia 4500008004100000020001800041050001400059100001500073245003400088245001800122260001300140260003000153260000900183300001500192300002700207300001000234500000800244170918s9999 xx 000 0 und d a9780590757717 bR456 1997 aRey, H. A. aCurious George gets a medal / cby H. A. Rey. aBoston : bHoughton Mifflin Company, c1997 a47 pages : bcolored illustration ; c21cm. a570